| 000 | 00494nam a2200193Ia 4500 | ||
|---|---|---|---|
| 001 | 1477 | ||
| 003 | GE_BSU | ||
| 008 | 181216s||||||||xx |||||||||||||| ||und|| | ||
| 040 | _cGE_BSU | ||
| 080 | _a515.1 | ||
| 100 | _aArkhangel'skii,A.V. Ponomarev, V.L. | ||
| 245 | _aFundamental of general Topology: Problems and Exercises | ||
| 260 | _aDelhi | ||
| 260 | _c1984 | ||
| 300 | _a415c. | ||
| 541 | _h350Gel | ||
| 653 | _aFundamental of general Topology: Problems and Exercises | ||
| 942 | _cBK | ||
| 999 |
_c35611 _d35611 |
||